[Event "Let's Play Chess!"]
[Site "http://www.queenalice.com/game.php?id=1483602"]
[Date "2017.6.27"]
[Round "-"]
[White "Reisinay"]
[Black "tucuman"]
[Result "0-1"]
[WhiteElo "1935"]
[BlackElo "1804"]

1. Nf3 d5 2. d4 Bf5 3. c4 e6 4. Nc3 Bb4 5. Bd2 Bxc3 6. Bxc3 Nf6 7. Qb3 b6 8.
cxd5 exd5 9. Bb4 Nc6 10. Ba3 Ne7 11. e3 O-O 12. Rc1 Re8 13. Be2 Ng6 14. O-O Be4
15. Rc6 Qd7 16. Rfc1 Rac8 17. Ba6 Qg4 18. Qd1 Bxf3 19. Qxf3 Qxf3 20. gxf3 Nh4
21. f4 Ng4 22. Rxc7 Rxc7 23. Rxc7 Nf3+ 24. Kg2 Ne1+ 25. Kg3 h5 26. Be2 Nf6 27.
Re7 Rxe7 0-1

[Event "Let's Play Chess!"]
[Site "http://www.queenalice.com/game.php?id=1483607"]
[Date "2017.6.24"]
[Round "-"]
[White "Reisinay"]
[Black "chessplayer123"]
[Result "1-0"]
[WhiteElo "2100"]
[BlackElo "1802"]

1. Nf3 Nc6 2. e4 e5 3. Bb5 Nf6 4. O-O Be7 5. Qe2 d6 6. d4 exd4 7. Nxd4 Bd7 8.
Bxc6 bxc6 9. Rd1 O-O 10. e5 Nd5 11. c4 Nb6 12. Nc3 c5 13. Ndb5 Bxb5 14. cxb5 Nd7
15. Bf4 Nb6 16. a4 Qc8 17. a5 Nd7 18. exd6 Bxd6 19. Bxd6 cxd6 20. Nd5 Qd8 21.
Ne7+ Kh8 22. Nc6 Qc7 23. Qd3 1-0

[Event "Let's Play Chess!"]
[Site "http://www.queenalice.com/game.php?id=1483608"]
[Date "2017.6.24"]
[Round "-"]
[White "Reisinay"]
[Black "chessplayer123"]
[Result "1-0"]
[WhiteElo "2088"]
[BlackElo "1804"]

1. Nf3 Nc6 2. e4 e5 3. Bb5 Nf6 4. O-O Be7 5. Qe2 a6 6. Ba4 b5 7. Bb3 Na5 8. Nxe5
Nxb3 9. axb3 O-O 10. Nf3 d6 11. c4 Bb7 12. Nc3 b4 13. Nd5 Nxd5 14. exd5 Re8 15.
d4 Bf6 16. Qd3 Qd7 17. Bg5 Qg4 18. Bxf6 gxf6 19. Qd2 a5 20. Rfe1 c6 21. h3 Qg7
22. Rxe8+ Rxe8 23. Nh4 cxd5 24. Nf5 1-0

[Event "Let's Play Chess!"]
[Site "http://www.queenalice.com/game.php?id=1483609"]
[Date "2017.6.24"]
[Round "-"]
[White "Reisinay"]
[Black "chessplayer123"]
[Result "1-0"]
[WhiteElo "1886"]
[BlackElo "1823"]

1. Nf3 Nc6 2. e4 e5 3. Bb5 Nf6 4. O-O Be7 5. Qe2 a6 6. Ba4 b5 7. Bb3 Na5 8. Nxe5
Nxb3 9. axb3 Bb7 10. d3 d6 11. Nf3 c5 12. Nh4 Nxe4 13. Nf5 Nf6 14. Re1 1-0

[Event "Let's Play Chess!"]
[Site "http://www.queenalice.com/game.php?id=1483610"]
[Date "2017.6.24"]
[Round "-"]
[White "Reisinay"]
[Black "chessplayer123"]
[Result "1-0"]
[WhiteElo "2054"]
[BlackElo "1823"]

1. Nf3 Nc6 2. e4 e5 3. Bb5 Nf6 4. O-O Be7 5. d3 d6 6. Re1 Bd7 7. c3 a6 8. Ba4 b5
9. Bb3 Na5 10. Bc2 c5 11. d4 exd4 12. cxd4 O-O 13. e5 Nd5 14. dxc5 Nb4 15. cxd6
Bh4 16. Be4 Rb8 17. g3 1-0

[Event "Let's Play Chess!"]
[Site "http://www.queenalice.com/game.php?id=1483614"]
[Date "2017.6.28"]
[Round "-"]
[White "Reisinay"]
[Black "TheNewTal"]
[Result "0-1"]
[WhiteElo "2029"]
[BlackElo "2004"]

1. Nf3 d5 2. d4 Nf6 3. c4 c6 4. e3 Bg4 5. Be2 e6 6. O-O Be7 7. b3 O-O 8. Bb2
Nbd7 9. Nc3 h6 10. Ne5 Bf5 11. Nxd7 Qxd7 12. Bf3 b5 13. Re1 bxc4 14. e4 dxe4 15.
Nxe4 Bxe4 16. Bxe4 Bb4 17. Re3 c3 0-1

[Event "Let's Play Chess!"]
[Site "http://www.queenalice.com/game.php?id=1483615"]
[Date "2017.6.25"]
[Round "-"]
[White "chessplayer123"]
[Black "Reisinay"]
[Result "0-1"]
[WhiteElo "1823"]
[BlackElo "1998"]

1. e4 Nf6 2. Bc4 e5 3. Nf3 Nc6 4. c3 Bc5 5. d4 exd4 6. O-O Nxe4 7. a4 d5 8. Ba2
O-O 9. b4 Bd6 10. cxd4 Nxb4 11. Bb3 c6 12. Be3 Bg4 13. Nbd2 Nc3 14. Qe1 Nd3 0-1

[Event "Let's Play Chess!"]
[Site "http://www.queenalice.com/game.php?id=1483616"]
[Date "2017.6.28"]
[Round "-"]
[White "TheNewTal"]
[Black "Reisinay"]
[Result "1-0"]
[WhiteElo "2051"]
[BlackElo "1999"]

1. e4 Nf6 2. e5 Nd5 3. d4 d6 4. c4 Nb6 5. f4 dxe5 6. fxe5 Bf5 7. Nc3 e6 8. Nf3
c5 9. d5 Be4 10. Nxe4 exd5 11. Bg5 Qd7 12. cxd5 Qg4 13. Bb5+ N8d7 14. Qe2 Nxd5
15. O-O-O Nb6 16. Rxd7 Nxd7 17. Rd1 1-0

[Event "Let's Play Chess!"]
[Site "http://www.queenalice.com/game.php?id=1483617"]
[Date "2017.6.28"]
[Round "-"]
[White "TheNewTal"]
[Black "Reisinay"]
[Result "1-0"]
[WhiteElo "1937"]
[BlackElo "2071"]

1. d4 d5 2. c4 c6 3. Nf3 Nf6 4. Nc3 dxc4 5. a4 e6 6. e4 Bb4 7. Qc2 b5 8. Be2 O-O
9. O-O Bxc3 10. bxc3 a6 11. e5 Nd5 12. Ng5 g6 13. Ne4 b4 14. Bh6 b3 15. Qd2 Re8
16. Bxc4 Qb6 17. Bxd5 1-0

[Event "Let's Play Chess!"]
[Site "http://www.queenalice.com/game.php?id=1483626"]
[Date "2017.6.29"]
[Round "-"]
[White "zariuq"]
[Black "Reisinay"]
[Result "1-0"]
[WhiteElo "1145"]
[BlackElo "1588"]

1. d4 e5 2. dxe5 Nc6 3. Nf3 Qe7 4. Nc3 Qe6 5. Nd5 Bb4+ 6. c3 Ba5 7. Nf4 Qf5 8.
Qa4 g5 9. e4 b5 10. Bxb5 Bb4 11. exf5 1-0

[Event "AUTO-OPEN-3817"]
[Site "http://www.queenalice.com/game.php?id=1483730"]
[Date "2017.6.25"]
[Round "1"]
[White "ringup478689"]
[Black "Reisinay"]
[Result "1-0"]
[WhiteElo "2543"]
[BlackElo "1677"]

1. d4 d5 2. c4 c6 3. Nc3 Nf6 4. e3 e6 5. Nf3 Nbd7 6. Bd3 dxc4 7. Bxc4 b5 8. Bd3
a6 9. e4 c5 10. d5 e5 11. b3 1-0

[Event "AUTO-OPEN-3817"]
[Site "http://www.queenalice.com/game.php?id=1483756"]
[Date "2017.6.25"]
[Round "1"]
[White "Null"]
[Black "Reisinay"]
[Result "1-0"]
[WhiteElo "1304"]
[BlackElo "1709"]

1. d4 d5 2. Nc3 Nf6 3. h3 c5 4. dxc5 d4 5. Nb5 Qa5+ 6. Qd2 Qxb5 7. a4 Qxc5 8. b4
Qd5 9. f3 e5 10. Bb2 Nc6 11. h4 e4 12. Ra3 1-0

[Event "AUTO-OPEN-3817"]
[Site "http://www.queenalice.com/game.php?id=1483757"]
[Date "2017.6.25"]
[Round "1"]
[White "Reisinay"]
[Black "Null"]
[Result "0-1"]
[WhiteElo "1739"]
[BlackElo "1274"]

1. Nf3 d5 2. d4 Nc6 3. c4 e6 4. e3 Nge7 5. b3 Ng6 6. Bb2 Bb4+ 7. Nbd2 dxc4 8.
Bxc4 h6 9. a3 Bd6 10. O-O O-O 11. Rc1 a6 12. Bd3 Nh4 13. Nxh4 Qxh4 0-1